• 首页
  • 本馆介绍
  • 公告通知
  • 最新文献
  • 馆藏检索
  • 电子资源
  • 读者导购
  • 参考咨询
  • 我的图书馆
  • 登录
  • 详细信息显示
  • 放入我的书架
  • 预约/预借图书
  • 作者相关作品
  • 分类相关作品
  • 丛书相关作品
  • 出版社相关作品

书目信息

  • 表格格式
  • 工作单格式
  • 卡片格式
题名:
基层环境保护工作者环境保护实用知识手册
    
 
作者: 杨光忠 编著
分册:  
出版信息: 北京   中国环境科学出版社  2003
页数: 10,340页
开本: 21cm
丛书名:
单 册:
中图分类: X-49
科图分类:
主题词: 环境保护--基本知识 , 环境保护
电子资源:
ISBN: 7-80163-468-3
000 00866nam0 2200241 450
001 002319133
005 20070807164314.14
010    @a7-80163-468-3@dCNY25.00
100    @a20030306d2003 em y0chiy0110 ea
101 0  @achi
102    @aCN@b110000
105    @ay z 000yy
106    @ar
200 1  @a基层环境保护工作者环境保护实用知识手册@Aji ceng huan jing bao hu gong zuo zhe huan jing bao hu shi yong zhi shi shou ce@f杨光忠编著@Fyang guang zhong bian zhu
210    @a北京@c中国环境科学出版社@d2003
215    @a10,340页@d21cm
330    @a本书以问答的形式,运用通俗易懂的文字,介绍了环境保护基本知识、符合环境保护的生活方式、常见环保问题及污染、污染防治对策及技术等。
606 0  @a环境保护@x基本知识
606 0  @a环境保护
690    @aX-49@v4
701  0 @a杨光忠@Ayang guang zhong@c(环保)@4编著
801  0 @aCN@bNLC@c20070807
905    @dX-49@e171@f4
    
    基层环境保护工作者环境保护实用知识手册/杨光忠编著.-北京:中国环境科学出版社,2003
    10,340页;21cm
    
    
    ISBN 7-80163-468-3:CNY25.00
    本书以问答的形式,运用通俗易懂的文字,介绍了环境保护基本知识、符合环境保护的生活方式、常见环保问题及污染、污染防治对策及技术等。
●
相关链接 在E读中查询图书 在五车中查询图书 在当当中查询图书 在豆瓣中查询图书


正题名:基层环境保护工作者环境保护实用知识手册     索取号:X-49/171         预约/预借

序号 登录号 条形码 馆藏地/架位号 状态 备注
1 0853937   208539376   第二样本阅览室/ [索取号:X-49/171] 在馆    
2 0853938   208539385   第三借阅区/ [索取号:X-49/171] 在馆    
3 0853939   208539394   第三借阅区/ [索取号:X-49/171] 在馆    
4 0853940   208539401   第三借阅区/ [索取号:X-49/171] 在馆    
唐山师范学院图书馆 欢迎您!
大连网信软件有限公司© 版权所有